UM Logo
Normal view MARC view
  • Social systems - Growth - Panay.

Entry Topical Term

Number of records used in: 1

001 - CONTROL NUMBER

  • control field: 22138

003 - CONTROL NUMBER IDENTIFIER

  • control field: OSt

005 - DATE AND TIME OF LATEST TRANSACTION

  • control field: 20170816113553.0

008 - FIXED-LENGTH DATA ELEMENTS

  • fixed length control field: 170816|| aca||babn | a|a d

040 ## - CATALOGING SOURCE

  • Original cataloging agency: OSt

150 ## - HEADING--TOPICAL TERM

  • Topical term or geographic name entry element: Social systems - Growth - Panay.